| 000 | 00661cab a2200217 4500 | ||
|---|---|---|---|
| 001 | ABS47582 | ||
| 008 | 090401t1992 xxu||||| |||| 00| 0 eng d | ||
| 035 | _a(Sirsi) u62547 | ||
| 041 | _aeng | ||
| 245 | _aLet`s get our insulation right | ||
| 260 | _c1992 | ||
| 350 | _a0 | ||
| 490 |
_aContract Journal _v365(5902) 10 December 1992, 14-15(2) |
||
| 520 | _aThe construction industry is calling for new insulation standards and this article explains why. | ||
| 650 |
_aBUILDING REGULATIONS _96224 |
||
| 650 | _aENERGY EFFICIENCY | ||
| 650 | _aTHERMAL INSULATION | ||
| 690 | _aBUILDING AND CONSTRUCTION-REGULATIONS | ||
| 942 | _n0 | ||
| 948 | _c04/03/1997 | ||
| 999 |
_c38848 _d38848 |
||